Parametry insolvenčních řízení ve vyspělých zemích a jejich závislost na výkonnosti ekonomiky
Okolnosti insolvenčného riadenia a problematika dostupných štatistík. Návratnosť pre investorov z insolvenčného riadenia. Výsledky regresnej analýzy.
Enregistré dans:
| Auteur principal: | |
|---|---|
| Autres auteurs: | , |
| Format: | Chapitre de livre |
| Langue: | tchèque |
| Sujets: | |
| Tags: |
Pas de tags, Soyez le premier à ajouter un tag!
|
MARC
| LEADER | 00000nla a2200000 4500 | ||
|---|---|---|---|
| 001 | 0206273 | ||
| 005 | 20240417075100.0 | ||
| 041 | 0 | |a cze | |
| 044 | |a CZ | ||
| 245 | 1 | 0 | |a Parametry insolvenčních řízení ve vyspělých zemích a jejich závislost na výkonnosti ekonomiky |c Markéta Arltová, Jan Plaček, Luboš Smrčka |
| 520 | |a Okolnosti insolvenčného riadenia a problematika dostupných štatistík. Návratnosť pre investorov z insolvenčného riadenia. Výsledky regresnej analýzy. | ||
| 610 | 2 | 0 | |a riadenie finančné |
| 610 | 2 | 0 | |a insolventnosť |
| 610 | 2 | 0 | |a analýza regresná |
| 610 | 2 | 0 | |a údaje štatistické |
| 100 | 1 | |a Arltová, Markéta | |
| 700 | 1 | |a Plaček, Jan | |
| 700 | 1 | |a Smrčka, Luboš | |